000 00563nam a2200157 a 4500
008 121010s1884 ||||||||||||||||| || u
050 _aJC 153 Loc
100 _aLocke, John
245 1 0 _aTwo treatises on civil government
_cby John Locke
260 _aNew York:
_bGeorge Routledge and Sons
_c1884
300 _a320p.
650 _aFILMER, ROBERT--1588-1653
650 _aLIBERTY
650 0 _aPOLITICAL SCIENCE
995 _aSPECIAL COLLECTIONS
_e500220
_FCBU-DAG HAMMARSKJOLD INSTITUTE LIBRARY
_jDAG JC 153 Loc
_M1
_UAVAILABLE
_WJan 9, 2013
_y500220
_ZDHIPS Book Collection
999 _c524
_d524